[Event "Junior Online 4NCL Division 5"]
[Site "online"]
[Date "2021.04.15"]
[EventDate "2021.04.15"]
[Round "7.377"]
[White "Choy, Thomas"]
[WhiteElo "800"]
[WhiteTeam "Dragon Kings 2"]
[Black "Rahman, Umar"]
[BlackElo "750"]
[BlackTeam "Manchester Juniors G"]
[Result "0-1"]
[PlyCount "80"]

1. e4 e5 2. Nf3 Nc6 3. Bc4 Bc5 4. O-O Nf6 5. Nc3 O-O 6. Qe2 d6 7. Qd1 Bg4 8. b3 g6 9. Na4 Bd4 10. c3 Bb6 11. Nxb6 axb6 12. h3 Bxf3 13. Qxf3 Na5 14. Bb5 c6 15. Ba4 b5 16. d4 bxa4 17. bxa4 d5 18. Ba3 Re8 19. exd5 cxd5 20. dxe5 Ne4 21. Rae1 Nd2 22. Qe2 Nxf1 23. Qxf1 Nc4 24. Bc5 Ra5 25. Bd4 Rxa4 26. e6 fxe6 27. Qd3 Nb2 28. Qf3 Rxd4 29. Rf1 Rd2 30. Rd1 Rxd1+ 31. Kh2 Rd3 32. Qe2 Qc7+ 33. g3 Rxc3 34. Qxb2 d4 35. f4 e5 36. fxe5 Rxe5 37. a4 Qe7 38. a5 Re2+ 39. Kg1 Rxb2 40. Kf1 Rc1# 0-1

[Event "Junior Online 4NCL Division 5"]
[Site "online"]
[Date "2021.04.15"]
[EventDate "2021.04.15"]
[Round "7.378"]
[White "Pilditch, Erika"]
[WhiteElo "680"]
[WhiteTeam "Manchester Juniors G"]
[Black "Tipton, Daniel"]
[BlackElo "708"]
[BlackTeam "Dragon Kings 2"]
[Result "1-0"]
[PlyCount "51"]

1. e4 e5 2. Nf3 Nf6 3. Nc3 Nc6 4. d4 exd4 5. Nxd4 Nxd4 6. Qxd4 Ng4 7. e5 Qh4 8. h3 b6 9. Qxg4 Qxg4 10. hxg4 d6 11. exd6 Bxd6 12. Be3 O-O 13. O-O-O Bxg4 14. Bd3 Bxd1 15. Bxh7+ Kh8 16. Bg6+ Kg8 17. Bh7+ Kh8 18. Be4+ Kg8 19. Bxa8 Rxa8 20. Kxd1 Rd8 21. Nd5 Be5 22. c4 b5 23. Kc2 bxc4 24. Ne7+ Kf8 25. Bc5 Re8 26. Rh8# 1-0